Word Ladder: Whale Carried by Straps on 4 Legs Quiz Stats

 Plays Quiz Updated Mar 5, 2018

Challenge
Share
Tweet
Embed
Score 0/21 Timer 02:00
1 Play Today
Clue 4-Letter Word % Correct
Feature of a camel•HUMP•
98.6%
Italian capitalROME
96.9%
A tree's 'skin'BARK
96.8%
It's where the heart isHOME
95.6%
Indy 500, e.g.RACE
95.5%
Wolves' grouping•PACK•
94.6%
Hockey object that is passed and shotPUCK
94.1%
Rear•BACK•
93.6%
Unclothed or unadornedBARE
92.9%
The Rolling Stones' JaggerMICK
92.8%
A cow's consumable productMILK
92%
Clue 4-Letter Word % Correct
Dirt and grimeMUCK
91%
Philosopher DavidHUME
90.8%
Agreement between governmentsPACT
89.5%
A supported holder for itemsRACK
89.5%
US Customary distance measurementMILE
89.3%
A role in a stage showPART
87.9%
Offspring of a donkey and a horse•MULE•
87.7%
Base of paellaRICE
85.8%
Trim away piecesPARE
85.7%
Icy coatingRIME
81.7%

Today's Daily Dose

You're not logged in!

Compare scores with friends on all Sporcle quizzes.
Join for Free
OR
Log In

You Might Also Like...

Show Comments

Extras

Top Quizzes Today


Score Distribution

Your Account Isn't Verified!

In order to create a playlist on Sporcle, you need to verify the email address you used during registration. Go to your Sporcle Settings to finish the process.

Report this User

Report this user for behavior that violates our Community Guidelines.

Details: